00708nam a2200193Ia 4500952014700000999001700147003000400164005001700168008004100185020001800226040000900244082002300253100002700276245009400303260004300397300000900440650001300449942005200462 00102ddc40708EDUCATIONaMESbMEScEDUCATIONd2019-02-20g1404.00l0o377.9709595 HAS/Ep39116r2019-02-20 00:00:00w2019-02-20yBKzGL40R5 c34927d34927OSt20200201103123.0190216s9999||||xx |||||||||||||| ||und|| a9789839541410 coclc a377.9709595bHAS/E a Hashim, Rosnani91735 0aEducational Dualism In Malaysia :bImplications For Theory And Practice /cRosnani Hashim bThe Other Press,c2004.aKuala Lumpur: a271p aPolitics cBK2ddch377.9709595iHAS/Ek377.9709595mHAS/E